000 00795nam#a22002775a#4500
001 529
008 070209s1969####xx############000#0#und#d
245 1 0 _aCarlos Casado del Alisal :
_bReseña sobre su vida y su obra /
_cSantos F. Tosticarelli.
250 _a1ª ed.
260 _aCasilda :
_bComisión ejecutiva Pro Monumento a Carlos Casado del Alisal,
_c1969.
300 _a10 p. :
_bfot. ;
_c22 cm.
490 0 _aBibliografía
100 1 _aTosticarelli, Santos F.
080 _a926(Carlos Casado)
084 _aT74
653 _aProcedencia
653 _aMarino
653 _aInmigración
653 _aFerrocarril Argentino
653 _aFundación Candelaria
653 _aBiogarfía
040 _aAR-ClEAG
_cAR-ClEAG
005 20241107184638.0
003 AR-ClEAG
942 _cBK
999 _c529
_d529
980 _62
_aEvangelina Gallicchio
_82
_gEvangelina Gallicchio